000 01637cam a2200337 i 4500
001 768714001
003 CO-MdFUSB
005 20201210162917.0
007 ta
008 080123t2008 oru 000 0 eng
010 _a 2008002348
020 _a9780736921701
040 _aDLC
_cCO-MdFUSB
_dDLC
_dCO-MdFUSB
_bspa
_erda
041 _aeng
082 0 0 _222
_a618.172
_bB993
100 1 _aByers, Mary M.,
_d1962-
_eautor
245 1 4 _aThe S.O.S. for PMS
_c/ Mary M. Byers.
264 1 _aEugene, Or. :
_bHarvest House Publishers,
_c[2008]
264 4 _c© 2008
300 _a189 páginas. ;
_c22 cm.
336 _2rdacontent
_atexto
_btxt
337 _2rdamedia
_asin mediación
_bn
338 _2rdacarrier
_avolumen
_bnc
505 _aHay una cinta amarilla de la escena del crimen en la cocina de nuevo: las madres se comportan mal. -- ¿Qué pasa si no es PMS y esto es solo mi personalidad? -- ¿Estoy perdiendo la cabeza y mi hija quiere ir al objetivo? -- trazando su curso y navegando en las aguas blancas. -- Conceptos básicos de PMS. -- PMS SOS. -- Todos estresados ​​y a donde ir. -- Si soy lo que como, ¿eso me convierte en una rosquilla? -- Tienes que moverlo, moverlo. -- Vamos todos a subir al Titanic: las esposas se comportan mal. -- Una carta a los maridos. -- Medicar o no: esa es la pregunta. -- Desbloqueando el misterio de la serotonina y el suplemento PMS y Fe. -- Examinando tu legado. -- Amarte a ti mismo. -- mientras vives con PMS
563 _aRústico
653 _aSíndrome premenstrual
942 _cBK
945 _aJTF-925
999 _c66116
_d66116